Central Library OPAC University of Rajshahi

Stage management basics : (Record no. 82146)

MARC details
000 -LEADER
fixed length control field 01297nam a2200361 a 4500
001 - CONTROL NUMBER
control field 82146
003 - CONTROL NUMBER IDENTIFIER
rucl marc code BD-RjUL
005 - DATE AND TIME OF LATEST TRANSACTION
control field 20231017151648.0
008 - FIXED-LENGTH DATA ELEMENTS--GENERAL INFORMATION
fixed length control field 231017t20222022nyu 001 0 eng
020 ## - INTERNATIONAL STANDARD BOOK NUMBER
International Standard Book Number 9780367678319
Qualifying information (paperback)
International Standard Book Number 9780367678326
Qualifying information (hardback)
Canceled/invalid ISBN 9781003133049
Qualifying information (ebook)
035 ## - SYSTEM CONTROL NUMBER
System control number (BD-RjUL)82146
040 ## - CATALOGING SOURCE
Original cataloging agency DLC
Language of cataloging eng
Transcribing agency DLC
Description conventions rda
Modifying agency BD-RjUL
041 ## - LANGUAGE CODE
Language code of text/sound track or separate title eng
082 00 - DEWEY DECIMAL CLASSIFICATION NUMBER
Edition number 23
Classification number 792.025
Author mark and year ROS 2022
100 1# - MAIN ENTRY--PERSONAL NAME
Personal name Roth, Emily,
Relator term author.
9 (RLIN) 9632
245 10 - TITLE STATEMENT
Title Stage management basics :
Remainder of title a primer for performing arts stage managers /
Statement of responsibility, etc. Emily Roth, Jonathan Allender-Zivic, Katy McGlaughlin.
250 ## - EDITION STATEMENT
Edition statement Second edition.
264 #1 - PRODUCTION, PUBLICATION, DISTRIBUTION, MANUFACTURE, AND COPYRIGHT NOTICE
Place of production, publication, distribution, manufacture New York :
Name of producer, publisher, distributor, manufacturer Routledge,
Date of production, publication, distribution, manufacture, or copyright notice 2022.
Date of production, publication, distribution, manufacture, or copyright notice ©2022
300 ## - PHYSICAL DESCRIPTION
Pagination 243 pages :
Illustrations Illustrations;
Size 28 cm.
336 ## - CONTENT TYPE
Content type term text
Content type code txt
Source rdacontent
337 ## - MEDIA TYPE
Media type term unmediated
Media type code n
Source rdamedia
338 ## - CARRIER TYPE
Carrier type term volume
Carrier type code nc
Source rdacarrier
500 ## - GENERAL NOTE
General note Includes index.
650 #0 - SUBJECT ADDED ENTRY--TOPICAL TERM
Topical term or geographic name as entry element Stage management
Form subdivision Handbooks, manuals, etc.
9 (RLIN) 9633
700 1# - ADDED ENTRY--PERSONAL NAME
Personal name Allender-Zivic, Jonathan,
Relator term author.
Personal name McGlaughlin, Katy,
Relator term author.
776 08 - ADDITIONAL PHYSICAL FORM ENTRY
Relationship information Online version:
Main entry heading Roth, Emily.
Title Stage management basics.
Edition Second edition
Place, publisher, and date of publication New York : Routledge, 2022
International Standard Book Number 9781003133049
Record control number (DLC) 2021027472
942 ## - ADDED ENTRY ELEMENTS (KOHA)
Source of classification or shelving scheme Dewey Decimal Classification
Koha item type Books
Holdings
Lost status Source of classification or shelving scheme Damaged status Not for loan Collection code Permanent Location Current Location Shelving location Date acquired Source of acquisition Cost, normal purchase price Total Checkouts Full call number Date last seen Copy number Koha item type
  Dewey Decimal Classification   Not For Loan Non-fiction Central Library, University of Rajshahi Central Library, University of Rajshahi Reading Room 05/06/2023 Dhaka : Page mark 1626.54   792.025 ROS 2022 17/10/2023 C-1 Books
  Dewey Decimal Classification     Non-fiction Central Library, University of Rajshahi Central Library, University of Rajshahi General Stacks 05/06/2023 Dhaka : Page mark 1626.54   792.025 ROS 2022 17/10/2023 C-2 Books